Chương Han

Chương Han là tác phẩm nói về nhân vật Chương Han, một đấng anh hùng vừa tài ba chỉ huy quân sự vừa dũng mãnh chiến đấu phi thường. Chương Han có nghĩa là Chương anh hùng.

Сохранить в:
Библиографические подробности
Главный автор: Vương, Trung
Формат:
Язык:Undetermined
Опубликовано: Hà Nội Đại học Quốc gia Hà Nội 2010
Предметы:
Метки: Добавить метку
Нет меток, Требуется 1-ая метка записи!
Thư viện lưu trữ: Trung tâm Học liệu Trường Đại học Cần Thơ
LEADER 00942nam a2200205Ia 4500
001 CTU_165400
008 210402s9999 xx 000 0 und d
082 |a 895.931032 
082 |b Tr513 
100 |a Vương, Trung 
245 0 |a Chương Han 
245 0 |c Vương Trung 
260 |a Hà Nội 
260 |b Đại học Quốc gia Hà Nội 
260 |c 2010 
520 |a Chương Han là tác phẩm nói về nhân vật Chương Han, một đấng anh hùng vừa tài ba chỉ huy quân sự vừa dũng mãnh chiến đấu phi thường. Chương Han có nghĩa là Chương anh hùng. 
650 |a Epic poetry,Tai (Southeast Asian people),Sử thi,Người Thái (Người Đông Nam Á) 
650 |x Social life and customs,Phong tục và đời sống xã hội 
904 |i Năm 
980 |a Trung tâm Học liệu Trường Đại học Cần Thơ